| 000 | 01045nam a22002775a 4500 | ||
|---|---|---|---|
| 003 | OSt | ||
| 005 | 20170424111858.0 | ||
| 008 | 160922s2016 ua frb 000 0 ara d | ||
| 015 | _a2014 / 23200 | ||
| 020 | _a9789777670050 | ||
| 040 |
_aEG-ScBUE _bara _cEG-ScBUE _dEG-ScBUE |
||
| 082 | 0 | 4 |
_a297.1229 _bأ م ي _222 |
| 100 | 1 | _aأمير، بهاء. | |
| 245 | 1 | 0 |
_aشفرة سورة الإسراء : _bبنو إسرائيل والحركات السرية في القرآن / _cبهاء الأمير. |
| 250 | _aط. 1. | ||
| 260 |
_aالقاهرة : _bمكتبة مدبولي، _c2016. |
||
| 300 |
_a574 ص. ؛ _c24 سم. |
||
| 504 | _aيشتمل على إرجاعات ببليوجرافية. | ||
| 541 | _aإهداء من أ. محمد فريد خميس. | ||
| 630 | 2 | 7 |
_aالقرآن. _pسورة الإسراء _xتفاسير حديثة. _2BUEsh |
| 650 | 7 |
_aاليهود في القرآن. _2BUEsh _915382 |
|
| 650 | 7 |
_aالإسلام واليهود. _2BUEsh |
|
| 651 | _2BUEsh | ||
| 653 |
_bGGEN _cFebruary2017 _cApril2017 |
||
| 942 | _2ddc | ||
| 999 |
_c24068 _d24040 |
||